000 00702nam a2200289Ia 4500
005 20260324112133.0
008 008 260324s9999 xx 000 0 eng d
020 _a9781003465935
037 _aEBOOK
040 _aCRL
040 _beng
040 _cCRL
041 _2eng
041 _aeng
084 _qCRL
100 _aHeinrich Wilke
_91141448
245 4 _aThe Order of Destruction
245 0 _bMonoculture in Colonial Caribbean Literature, c. 1640-1800
260 _bTaylor and Francis
260 _c2024
365 _a
365 _b230
856 _uhttp://www.taylorfrancis.com/books/9781003465935
942 _cEBOOK
999 _c1730540
_d1730540